000 00719cam a2200217 a 4500
999 _c58015
_d58015
001 16704219
005 20221114113140.0
008 110323s2013 maua b 001 0 eng
020 _a9781449637514x
041 _aeng
080 _a576.3 P-93
100 1 _aPlopper, George.
_911625
245 1 0 _aPrinciples of cell biology /
_cGeorge Plopper.
264 _aBurlington, MA :
_bJones & Bartlett Learning,
_c2013.
300 _a510 p. :
_bcol. ill ;
_c28 cm.
504 _aIncludes bibliographical references and index.
653 _aPrinciples of cell biology
653 _aბიოლოგია
653 _aუჯრედის ბიოლოგიის პრინციპები
942 _2udc
_cBK